| 000 | 00533 a2200169 4500 | ||
|---|---|---|---|
| 003 | OSt | ||
| 005 | 20250702152052.0 | ||
| 008 | 250702b |||||||| |||| 00| 0 eng d | ||
| 020 | _a8182741262 | ||
| 040 | _coclc | ||
| 082 |
_a016.306 _bWAR/E |
||
| 100 |
_aWarshaw, George F _910598 |
||
| 245 |
_aEncyclopaedic Dictionary of Anthropology / _cCompiled and edited by George F Warshaw |
||
| 260 |
_aNew Delhi: _bPentagon Press, _c2004. |
||
| 300 | _a176 pages | ||
| 942 |
_2ddc _cBK _h016.306 _iWAR/E _k016.306 _mWAR/E |
||
| 999 |
_c44594 _d44594 |
||